NLSUI OPAC header image

Developing property sustainably / (Record no. 39230)

MARC details
000 -LEADER
fixed length control field 01894cam a2200265 i 4500
005 - DATE AND TIME OF LATEST TRANSACTION
control field 20260513070657.0
008 - FIXED-LENGTH DATA ELEMENTS--GENERAL INFORMATION
fixed length control field 141205s2015 enk b 001 0 eng
020 ## - INTERNATIONAL STANDARD BOOK NUMBER
International Standard Book Number 9780415835671 (pbk.)
082 00 - DEWEY DECIMAL CLASSIFICATION NUMBER
Classification number 333.73 WIL
100 ## - MAIN ENTRY--PERSONAL NAME
Personal name Wilkinson, Sara. J.
245 00 - TITLE STATEMENT
Title Developing property sustainably /
Statement of responsibility, etc. Sara J. Wilkinson, Sarah L. Sayce and Pernille H. Christensen.
264 #1 - PRODUCTION, PUBLICATION, DISTRIBUTION, MANUFACTURE, AND COPYRIGHT NOTICE
Place of production, publication, distribution, manufacture New York :
Name of producer, publisher, distributor, manufacturer Routledge, Taylor & Francis Group,
Date of production, publication, distribution, manufacture, or copyright notice 2015.
300 ## - PHYSICAL DESCRIPTION
Extent xv, 296 p. ;
Dimensions 25 cm.
365 ## - TRADE PRICE
Price amount RS.3691
505 ## - Contents
Contents Foreword Paul Edwards 1. Introduction to Sustainable Property Development Sara J. Wilkinson and Sarah L. Sayce 2. Stakeholders through the Development Process Sara J. Wilkinson and Sarah L. Sayce 3. Site Feasibility Sara J. Wilkinson and Sarah L. Sayce 4. Project Appraisal and the Triple Bottom Line Sarah L. Sayce 5. Financing the Project - Economic Incentives Promoting Sustainable Property Development Chris Eves 6. Planning and Regulatory Issues Impacting Sustainable Property Development Pernille H. Christensen and Sarah L. Sayce 7. Sustainable Construction Issues Sara J. Wilkinson, 8. Procuring the Project in a Sustainable Way Sara J. Wilkinson and Sarah L. Sayce 9. Sustainable Property Reporting and Rating Tools Pernille H. Christensen and Sarah L. Sayce 10. Post Occupancy Evaluation and Building Operation Issues Sara J. Wilkinson and Sarah L. Sayce 11. New Build Versus Adaptation Sara J. Wilkinson Postscript Sara J. Wilkinson and Sarah L. Sayce
650 #0 - SUBJECT ADDED ENTRY--TOPICAL TERM
Topical term or geographic name entry element Real estate development
650 #0 - SUBJECT ADDED ENTRY--TOPICAL TERM
Topical term or geographic name entry element Sustainable design.
650 #0 - SUBJECT ADDED ENTRY--TOPICAL TERM
Topical term or geographic name entry element Sustainable construction.
700 1# - ADDED ENTRY--PERSONAL NAME
Personal name Wilkinson, Sara.J.
700 1# - ADDED ENTRY--PERSONAL NAME
Personal name Sayce, Sarah.
700 1# - ADDED ENTRY--PERSONAL NAME
Personal name Christensen, Pernille.
906 ## - LOCAL DATA ELEMENT F, LDF (RLIN)
a 7
b cbc
c orignew
d 1
e ecip
f 20
g y-gencatlg
942 ## - ADDED ENTRY ELEMENTS (KOHA)
Source of classification or shelving scheme Dewey Decimal Classification
Koha item type BOOKs
Holdings
Withdrawn status Lost status Damaged status Not for loan Home library Current library Shelving location Date acquired Cost, normal purchase price Total Checkouts Full call number Barcode Date last seen Price effective from Koha item type
        NLS NLS General Stacks 30/05/2017 3691.00   333.73 WIL 33237 30/05/2017 30/05/2017 BOOKs